European Atlantic Countries - Statistics

General Stats
  • This quiz has been taken 55 times
  • The average score is 11 of 11
Answer Stats
Country % Correct
France
100%
Ireland
100%
Norway
100%
United Kingdom
100%
Belgium
98%
Denmark
98%
Netherlands
98%
Spain
98%
Iceland
96%
Portugal
96%
Germany
87%
No matching quizzes found
Score Distribution
Percent of People with Each Score
Percentile by Number Answered
Your Score History
You have not taken this quiz